000 00348nam a2200157Ia 4500
001 21970
003 IN-NITTTR
005 20251114233249.0
008 251113s9999||||xx |||||||||||||| ||eng||
040 _beng
040 _cIN-NITTTR
041 _aeng
082 _a333.79416 A79 R
245 0 _aAlternative energy sources VI. /
942 _2ddc
_cBK
999 _c24600
_d24600